000 00291nam a22001337a 4500
008 170315b xxu||||| |||| 00| 0 eng d
020 _a9780805372878
041 _aeng
080 _a611
100 _a7
101 _aSHM
245 _aATLAS OF THE HUMAN BODY
_cMARTINI.F.H
942 _2udc
_cBK
999 _c7905
_d7905